Państwa z lotniskowcami - Statystyki

Ogólne statystyki
  • Ten quiz został rozwiązany 6 233 razy
    6 106 od ostatniego zresetowania
  • Średni wynik to 9 z 11
Statystyki odpowiedzi
# Państwo % Poprawnych
11 Stany Zjednoczone
100%
2 Chiny
97%
1 Rosja
96%
1 Francja
93%
2 Japonia
91%
2 Wielka Brytania
91%
2 Indie
85%
1 Hiszpania
78%
2 Włochy
73%
1 Turcja
56%
1 Tajlandia
23%
Nie znaleziono quizów pasujących do podanych kryteriów
Rozkład punktacji
Procent ludzi z każdym wynikiem
Percentyl według liczby udzielonych odpowiedzi
Twoja historia wyników
Nie rozwiązałeś tego quizu od ostatniego zresetowania